<?xml version="1.0" encoding="UTF-8"?>
<record
    xmlns:xsi="http://www.w3.org/2001/XMLSchema-instance"
    xsi:schemaLocation="http://www.loc.gov/MARC21/slim http://www.loc.gov/standards/marcxml/schema/MARC21slim.xsd"
    xmlns="http://www.loc.gov/MARC21/slim">

  <leader>     naa a22     7i 4500</leader>
  <datafield tag="999" ind1=" " ind2=" ">
    <subfield code="c">5426</subfield>
    <subfield code="d">5426</subfield>
  </datafield>
  <controlfield tag="001">5645</controlfield>
  <controlfield tag="003">OSt</controlfield>
  <controlfield tag="005">20171113165429.0</controlfield>
  <controlfield tag="007">tu</controlfield>
  <controlfield tag="008">161220s2003    xxu||||| |||| 00| 0     d</controlfield>
  <datafield tag="024" ind1="7" ind2=" ">
    <subfield code="a">5645</subfield>
    <subfield code="2">RID</subfield>
  </datafield>
  <datafield tag="024" ind1="7" ind2=" ">
    <subfield code="a">5645</subfield>
    <subfield code="2">RSN (alt)</subfield>
  </datafield>
  <datafield tag="040" ind1=" " ind2=" ">
    <subfield code="c">OSt</subfield>
  </datafield>
  <datafield tag="100" ind1="1" ind2=" ">
    <subfield code="a">R&#xF6;misch, Roman</subfield>
  </datafield>
  <datafield tag="245" ind1="1" ind2="0">
    <subfield code="a">Regional Disparities Within Accession Countries</subfield>
  </datafield>
  <datafield tag="260" ind1=" " ind2=" ">
    <subfield code="a">Cheltenham :</subfield>
    <subfield code="b">Oesterreichische Nationalbank (OeNB),</subfield>
    <subfield code="c">2003.</subfield>
  </datafield>
  <datafield tag="300" ind1=" " ind2=" ">
    <subfield code="a">S.183 ff.</subfield>
  </datafield>
  <datafield tag="773" ind1="0" ind2=" ">
    <subfield code="g">pp. 183-208</subfield>
    <subfield code="t">Economic Convergence and Divergence in Europe Growth and Regional Development in an Enlarged European Union</subfield>
    <subfield code="w">5644</subfield>
    <subfield code="d">Cheltenham : Oesterreichische Nationalbank (OeNB), 2003.</subfield>
  </datafield>
  <datafield tag="942" ind1=" " ind2=" ">
    <subfield code="c">P</subfield>
  </datafield>
</record>
